| 000 | 01284cad a22002295a 4500 | ||
|---|---|---|---|
| 001 | E151588 | ||
| 008 | 101122s2010 xxk f 000 0 eng d | ||
| 035 | _a(Sirsi) u151588 | ||
| 041 | 0 | _aeng | |
| 050 | 0 | 4 | _a333.33 $2 18 |
| 110 | 2 |
_aRoyal Institution of Chartered Surveyors _bEconomics _95033 |
|
| 245 | 0 | 0 |
_aRICS global distressed property monitor _bQ1 2010 _h[electronic resource] |
| 260 |
_aLondon _bRICS _c2009 |
||
| 490 | 0 |
_aRICS Global Distressed Property Monitor _vQ1 2010 |
|
| 520 | _aReports that 17 of the 25 countries surveyed have seen a rise in distressed properties in Q1 2010. In addition the pace of increase in distressed listings moderated across 64% of countries, although not so in UAE and several Western European countries. The US and Republic of Ireland are expected to see the fastest pace of increase in distressed assets in Q2 2010. Australia, Russia , Hong Kong and India continue to report declines in expected distressed property listings. | ||
| 521 | _aAdvanced | ||
| 590 | _aKA | ||
| 651 | 4 | _aInternational | |
| 690 | _aPROPERTY-COMMERCIAL PROPERTY-COMMERCIAL PROPERTY MARKET | ||
| 856 | 4 | 0 |
_uhttps://www.rics.org/site/download_feed.aspx?fileID=6743&fileExtension=PDF _zView the document free of charge (pdf file) at www.rics.org... |
| 942 | _n0 | ||
| 999 |
_c111462 _d111462 |
||